|
|
|
|
| LEADER |
01388nam a2200361Ia 4500 |
| 001 |
EBC1143386 |
| 003 |
MiAaPQ |
| 005 |
20200520144314.0 |
| 006 |
m o d | |
| 007 |
cr cn||||||||| |
| 008 |
130403s2013 ne a sb 001 0 eng d |
| 010 |
|
|
|z 2013931781
|
| 020 |
|
|
|z 9789004250512
|
| 020 |
|
|
|a 9789004251090 (electronic bk.)
|
| 035 |
|
|
|a (MiAaPQ)EBC1143386
|
| 035 |
|
|
|a (Au-PeEL)EBL1143386
|
| 035 |
|
|
|a (CaPaEBR)ebr10667739
|
| 035 |
|
|
|a (CaONFJC)MIL458929
|
| 035 |
|
|
|a (OCoLC)830161955
|
| 040 |
|
|
|a MiAaPQ
|c MiAaPQ
|d MiAaPQ
|
| 050 |
|
4 |
|a HD9116.I5
|b K55 2013
|
| 100 |
1 |
|
|a Knight, G. R.
|
| 245 |
1 |
0 |
|a Commodities and colonialism
|h [electronic resource] :
|b the story of Big Sugar in Indonesia, 1880-1942 /
|c G. Roger Knight.
|
| 260 |
|
|
|a Leiden ;
|a Boston :
|b Brill,
|c 2013.
|
| 300 |
|
|
|a xi, 291 p. :
|b ill.
|
| 490 |
0 |
|
|a Verhandelingen Van Het Koninklijk Instituut Voor Taal- en land- en Volkenkunde ;
|v 286
|
| 504 |
|
|
|a Includes bibliographical references and index.
|
| 533 |
|
|
|a Electronic reproduction. Ann Arbor, MI : ProQuest, 2015. Available via World Wide Web. Access may be limited to ProQuest affiliated libraries.
|
| 650 |
|
0 |
|a Sugar trade
|z Indonesia.
|
| 650 |
|
0 |
|a Sugar
|z Indonesia.
|
| 655 |
|
4 |
|a Electronic books.
|
| 710 |
2 |
|
|a ProQuest (Firm)
|
| 856 |
4 |
0 |
|u https://ebookcentral.proquest.com/lib/matrademy/detail.action?docID=1143386
|z Click to View
|